Welcome to the official Sarawak Skills Library system. If you are a new user, please contact our librarian to register.

Success In Practical/Vocational Nursing:From Student To Leader (Record no. 12159)

MARC details
000 -LEADER
fixed length control field 00500nam a2200169Ia 4500
008 - FIXED-LENGTH DATA ELEMENTS--GENERAL INFORMATION
fixed length control field 241127s9999||||xx |||||||||||||| ||und||
020 ## - INTERNATIONAL STANDARD BOOK NUMBER
International Standard Book Number 9781416056591
Terms of availability 167.8167.8
040 ## - CATALOGING SOURCE
Language of cataloging eng
Transcribing agency SSK Library
Description conventions rda
082 ## - DEWEY DECIMAL CLASSIFICATION NUMBER
Classification number 610.730693/HIL
003 - CONTROL NUMBER IDENTIFIER
control field OSt
005 - DATE AND TIME OF LATEST TRANSACTION
control field 20241127152908.0
100 ## - MAIN ENTRY--PERSONAL NAME
Personal name Signe S. Hill -, Helen Stephens Howlett -
245 #0 - TITLE STATEMENT
Title Success In Practical/Vocational Nursing:From Student To Leader
250 ## - EDITION STATEMENT
Edition statement 6th ed
260 ## - PUBLICATION, DISTRIBUTION, ETC.
Name of publisher, distributor, etc. Saunders Elsevier
Date of publication, distribution, etc. ©2009
942 ## - ADDED ENTRY ELEMENTS (KOHA)
Source of classification or shelving scheme
Koha item type Book
Suppress in OPAC
Holdings
Withdrawn status Lost status Damaged status Not for loan Home library Current library Date acquired Total checkouts Full call number Barcode Date last seen Copy number Price effective from Koha item type
        Sarawak Skills Kuching Library Sarawak Skills Kuching Library 11/27/2024   610.730693/HIL 1004584 11/27/2024 1 11/27/2024 Book